[Event "Cheliabinsk Panchenko Memorial op-A"]
[Site "Cheliabinsk"]
[Date "2022.09.14"]
[Round "3"]
[White "Novikov, Roman"]
[Black "Aleksandrov, Aleksej"]
[Result "0-1"]
[WhiteElo "2206"]
[BlackElo "2496"]
[PlyCount "87"]
[EventDate "2022.09.12"]
[EventType "swiss"]
[EventRounds "10"]
[EventCountry "RUS"]
[SourceTitle "CBM 210 Extra"]
[Source "ChessBase"]
[SourceDate "2022.11.30"]
[SourceVersion "1"]
[SourceVersionDate "2022.11.30"]
[SourceQuality "1"]

1. e4 e5 2. Nf3 Nc6 3. d4 exd4 4. Nxd4 Nf6 5. Nxc6 bxc6 6. e5 Qe7 7. Qe2 Nd5 8. c4 Nb6 9. b3 Qe6 10. Bb2 a5 11. Nd2 a4 12. 0-0-0 axb3 13. axb3 Ba3 14. Ne4 Qxe5 15. Nc3 Qxe2 16. Bxe2 0-0 17. Bxa3 Rxa3 18. c5 Nd5 19. Nxd5 cxd5 20. Kb2 Ra5 21. b4 Ra4 22. Kb3 Ra8 23. Bf3 c6 24. Ra1 Ba6 25. Kc3 Bb5 26. Rhe1 g6 27. Rxa8 Rxa8 28. Re7 Ra3+ 29. Kb2 Ra7 30. Bg4 h5 31. Bd1 Kf8 32. Re5 d6 33. cxd6 Rd7 34. f4 Rxd6 35. f5 d4 36. fxg6 fxg6 37. Re4 Kf7 38. Kc1 Bd3 39. Rf4+ Ke6 40. Kd2 Bf5 41. g3 Ke5 42. Ba4 c5 43. bxc5 Re6 44. Bb3 0-1

[Event "Cheliabinsk Panchenko Memorial op-A"]
[Site "Cheliabinsk"]
[Date "2022.09.13"]
[Round "2"]
[White "Matinian, Nikita"]
[Black "Novikov, Roman"]
[Result "1/2-1/2"]
[WhiteElo "2435"]
[BlackElo "2206"]
[PlyCount "66"]
[EventDate "2022.09.12"]
[EventType "swiss"]
[EventRounds "10"]
[EventCountry "RUS"]
[SourceTitle "CBM 210 Extra"]
[Source "ChessBase"]
[SourceDate "2022.11.30"]
[SourceVersion "1"]
[SourceVersionDate "2022.11.30"]
[SourceQuality "1"]

1. e4 e6 2. d4 d5 3. Nc3 Nf6 4. e5 Nfd7 5. f4 c5 6. Nf3 Nc6 7. Be3 a6 8. Qd2 b5 9. dxc5 Bxc5 10. Bf2 Qb6 11. Bd3 0-0 12. a3 h6 13. 0-0 a5 14. Nxb5 Ba6 15. a4 Rab8 16. b3 Nb4 17. Nfd4 Nxd3 18. Qxd3 Bxd4 19. Bxd4 Bxb5 20. axb5 Qxb5 21. Qd2 Rfc8 22. f5 exf5 23. Rxf5 Rc7 24. Rxf7 Kxf7 25. Qf4+ Kg8 26. e6 Nf8 27. Qxc7 Nxe6 28. Qe5 Nxd4 29. Qxd4 Re8 30. Rd1 Re2 31. Qxd5+ Qxd5 32. Rxd5 Rxc2 33. Rxa5 Rb2 1/2-1/2

[Event "Nezhmetdinov Memorial 44th"]
[Site "Kazan"]
[Date "2022.05.31"]
[Round "6"]
[White "Novikov, Roman"]
[Black "Pridorozhni, Aleksei"]
[Result "0-1"]
[WhiteElo "2182"]
[BlackElo "2549"]
[PlyCount "82"]
[EventDate "2022.05.27"]
[EventType "swiss"]
[EventRounds "9"]
[EventCountry "RUS"]
[SourceTitle "CBM 208 Extra"]
[Source "ChessBase"]
[SourceDate "2022.07.31"]
[SourceVersion "1"]
[SourceVersionDate "2022.07.31"]
[SourceQuality "1"]

1. e4 e5 2. Nf3 Nf6 3. d4 Nxe4 4. Bd3 d5 5. Nxe5 Nd7 6. Nxd7 Bxd7 7. Nd2 Nxd2 8. Bxd2 Qh4 9. Qe2+ Be6 10. Bf5 Qe7 11. Bxe6 Qxe6 12. Bf4 Kd7 13. Qxe6+ fxe6 14. Kd2 Be7 15. Be5 Rhf8 16. f3 g6 17. Rae1 c5 18. dxc5 Bxc5 19. Re2 b5 20. Rhe1 a5 21. Kd3 Ra6 22. Rh1 Rc6 23. h3 Be7 24. Rhe1 Bh4 25. Rf1 b4 26. g3 Bf6 27. f4 Bxe5 28. Rxe5 Rfc8 29. Rc1 a4 30. Kd2 Rc4 31. Re3 h6 32. Rd3 Kd6 33. a3 g5 34. fxg5 hxg5 35. axb4 Rxb4 36. b3 Rh8 37. bxa4 Rxh3 38. Ra3 Rd4+ 39. Ke2 Rh2+ 40. Ke3 Rg4 41. Kf3 Re4 0-1

[Event "Nezhmetdinov Memorial 43rd"]
[Site "Kazan"]
[Date "2021.05.30"]
[Round "2"]
[White "Frolyanov, Dmitry"]
[Black "Novikov, Roman"]
[Result "1-0"]
[WhiteElo "2536"]
[BlackElo "2150"]
[PlyCount "60"]
[EventDate "2021.05.29"]
[EventType "swiss"]
[EventRounds "9"]
[EventCountry "RUS"]
[SourceTitle "CBM 203 Extra"]
[Source "ChessBase"]
[SourceDate "2021.09.30"]
[SourceVersion "1"]
[SourceVersionDate "2021.09.30"]
[SourceQuality "1"]

1. e4 e6 2. d4 d5 3. Nc3 dxe4 4. Nxe4 Nd7 5. Nf3 Ngf6 6. Nxf6+ Nxf6 7. Bd3 c5 8. Be3 Nd5 9. 0-0 Nxe3 10. fxe3 Bd6 11. dxc5 Bc7 12. Bb5+ Bd7 13. Bxd7+ Qxd7 14. Qd4 0-0-0 15. Qxg7 Rhg8 16. Qc3 Qd5 17. Rf2 Rg4 18. Raf1 Rdg8 19. Rd2 Qh5 20. c6 Ba5 21. Qd3 bxc6 22. Qd7+ Kb8 23. Nd4 Bc7 24. Nxc6+ Kb7 25. g3 Qc5 26. Nd4 Rd8 27. Qxf7 Re4 28. Qf3 Qe5 29. Nb3 Kc8 30. Rxd8+ Bxd8 1-0

[Event "Nezhmetdinov Memorial 40th"]
[Site "Kazan"]
[Date "2018.09.21"]
[Round "9"]
[White "Novikov, Roman"]
[Black "Doroshenko, Diana"]
[Result "1-0"]
[WhiteElo "1992"]
[BlackElo "2122"]
[PlyCount "145"]
[EventDate "2018.09.13"]
[EventType "swiss"]
[EventRounds "9"]
[EventCountry "RUS"]
[SourceTitle "CBM 186 Extra"]
[Source "ChessBase"]
[SourceDate "2018.08.24"]
[SourceVersion "1"]
[SourceVersionDate "2018.08.24"]
[SourceQuality "1"]

1. e4 c6 2. c4 d5 3. cxd5 cxd5 4. exd5 Nf6 5. Qa4+ Nbd7 6. Nc3 g6 7. Nf3 Bg7 8. Bc4 0-0 9. d3 Nb6 10. Qb3 Ne8 11. Be3 Nd6 12. 0-0 Bf5 13. Ne2 Rc8 14. Rac1 Na8 15. Ned4 Bd7 16. a4 a6 17. Qa3 Nb6 18. b3 Na8 19. Bf4 Bg4 20. h3 Bxf3 21. Nxf3 Qd7 22. Qb4 Rfd8 23. Rfe1 Bf8 24. a5 Nc7 25. Bxd6 Qxd6 26. Qxb7 Rb8 27. Qc6 Nxd5 28. Qxa6 Qxa6 29. Bxa6 Nb4 30. Bc4 Nxd3 31. Ne5 Nxe5 32. Rxe5 e6 33. g3 Rd2 34. Rce1 Bb4 35. a6 Ra2 36. Rd1 Kf8 37. Rd7 Ke8 38. Bxe6 fxe6 39. Rb7 Ra8 40. Rxe6+ Kf8 41. Rxb4 R2xa6 42. Rxa6 Rxa6 43. Rb7 Ra1+ 44. Kg2 Rb1 45. Rxh7 Rxb3 46. Ra7 Kg8 47. g4 Rc3 48. f3 Kf8 49. Kg3 Rc4 50. Kh4 Rc5 51. Kg3 Rc4 52. f4 Rc3+ 53. Kh4 Rc5 54. Rh7 Kg8 55. Re7 Kf8 56. Re5 Rc3 57. Kg5 Kf7 58. Ra5 Rc7 59. Kh6 Rc6 60. Kg5 Rc7 61. h4 Kg7 62. h5 gxh5 63. Kxh5 Rc4 64. f5 Rc1 65. Kg5 Rg1 66. Ra7+ Kg8 67. Kh5 Kf8 68. g5 Rb1 69. Kh6 Kg8 70. f6 Rb6 71. g6 Rxf6 72. Ra8+ Rf8 73. Rxf8+ 1-0

[Event "Samara Polugaevsky Memorial 7th"]
[Site "Samara"]
[Date "2017.07.09"]
[Round "2"]
[White "Strezhneva, Ekaterina"]
[Black "Novikov, Roman"]
[Result "1/2-1/2"]
[WhiteElo "1705"]
[BlackElo "2047"]
[PlyCount "125"]
[EventDate "2017.07.08"]
[EventType "swiss"]
[EventRounds "9"]
[EventCountry "RUS"]
[SourceTitle "EXT 2018"]
[Source "ChessBase"]
[SourceDate "2017.10.13"]
[SourceVersion "1"]
[SourceVersionDate "2017.10.13"]
[SourceQuality "1"]

1. d4 Nf6 2. c4 g6 3. Nc3 d5 4. Bf4 Bg7 5. Nf3 e6 6. e3 0-0 7. cxd5 exd5 8. Be2 c6 9. 0-0 Nbd7 10. Rc1 Re8 11. a3 h6 12. Na4 Ne4 13. Nd2 f5 14. h3 Qe7 15. Nxe4 Qxe4 16. Qd3 Qe7 17. Rfe1 Nf6 18. b4 Ne4 19. Nc3 g5 20. Bh2 Bd7 21. Nxe4 fxe4 22. Qb3 a6 23. Rc2 b5 24. Rec1 Rec8 25. Rc5 Bf8 26. Be5 Qe8 27. R5c3 a5 28. Bg4 axb4 29. Bxd7 Qxd7 30. axb4 Ra6 31. Qb1 Qe7 32. f3 Qxb4 33. Rb3 Qd2 34. Rc2 Qa5 35. fxe4 dxe4 36. Rxb5 Qxb5 37. Qxb5 cxb5 38. Rxc8 Kf7 39. Rb8 b4 40. Kf2 Ra2+ 41. Kg3 Re2 42. Kg4 Rxg2+ 43. Kf5 Rf2+ 44. Kxe4 Re2 45. Rb7+ Kg6 46. Bg3 Rb2 47. h4 b3 48. Rb6+ Kh5 49. hxg5 hxg5 50. Rb8 Kg4 51. Be5 Ba3 52. d5 Rb1 53. d6 Rd1 54. d7 Rxd7 55. Rxb3 Bc1 56. Bf6 Rd6 57. Bxg5 Kxg5 58. Ke5 Rd8 59. e4 Bf4+ 60. Ke6 Rd6+ 61. Ke7 Bh2 62. Rb5+ Kg4 63. e5 1/2-1/2

[Event "Samara Polugaevsky Memorial 7th"]
[Site "Samara"]
[Date "2017.07.08"]
[Round "1"]
[White "Novikov, Roman"]
[Black "Khanin, Semen"]
[Result "0-1"]
[WhiteElo "2047"]
[BlackElo "2454"]
[PlyCount "82"]
[EventDate "2017.07.08"]
[EventType "swiss"]
[EventRounds "9"]
[EventCountry "RUS"]
[SourceTitle "EXT 2018"]
[Source "ChessBase"]
[SourceDate "2017.10.13"]
[SourceVersion "1"]
[SourceVersionDate "2017.10.13"]
[SourceQuality "1"]

1. e4 c5 2. Nf3 e6 3. c3 Nf6 4. e5 Nd5 5. d4 cxd4 6. cxd4 b6 7. Nc3 Bb7 8. Bd3 Be7 9. 0-0 0-0 10. Qe2 Nxc3 11. bxc3 d6 12. Ba3 dxe5 13. Bxe7 Qxe7 14. Nxe5 Nd7 15. Be4 Nxe5 16. Bxb7 Qxb7 17. Qxe5 Rac8 18. Rac1 Rc4 19. f4 g6 20. Rf3 Rfc8 21. Rc2 b5 22. a3 Ra4 23. Rb2 a6 24. Rb3 Rac4 25. h4 Qd5 26. Qxd5 exd5 27. Kf2 h5 28. Ke2 Re8+ 29. Re3 Rxe3+ 30. Kxe3 Kg7 31. g3 Kf6 32. Kf2 Kf5 33. Kf3 f6 34. Kf2 Ke4 35. Ke2 f5 36. Kd2 Kf3 37. Rb1 Rc6 38. Rb3 Kf2 39. a4 bxa4 40. Ra3 Rc4 41. Ra1 a5 0-1

[Event "Nezhmetdinov Memorial 39th"]
[Site "Kazan"]
[Date "2017.05.31"]
[Round "1"]
[White "Lintchevski, Daniil"]
[Black "Novikov, Roman"]
[Result "1-0"]
[WhiteElo "2532"]
[BlackElo "2037"]
[PlyCount "102"]
[EventDate "2017.05.31"]
[EventType "swiss"]
[EventRounds "9"]
[EventCountry "RUS"]
[SourceTitle "CBM 178 Extra"]
[Source "ChessBase"]
[SourceDate "2017.06.22"]
[SourceVersion "1"]
[SourceVersionDate "2017.06.22"]
[SourceQuality "1"]

1. Nf3 Nf6 2. c4 g6 3. g3 Bg7 4. Bg2 0-0 5. 0-0 c6 6. d4 d5 7. Qb3 dxc4 8. Qxc4 Nbd7 9. Qc2 Nb6 10. e4 Bg4 11. Be3 Qc8 12. Re1 Bxf3 13. Bxf3 Ng4 14. Bxg4 Qxg4 15. Nd2 e5 16. dxe5 Bxe5 17. Nb3 f5 18. f4 Bc7 19. Bc5 Rfe8 20. exf5 gxf5 21. Nd4 Bxf4 22. Nxf5 Nd5 23. Rad1 Qg6 24. Kh1 Bg5 25. g4 Rxe1+ 26. Rxe1 Re8 27. Nh6+ Kh8 28. Bd4+ Bf6 29. Rxe8+ Qxe8 30. Bxf6+ Nxf6 31. Kg2 Qe3 32. Nf5 Nxg4 33. h3 Qf4 34. hxg4 Qxg4+ 35. Ng3 Kg7 36. Qc5 Qa4 37. Qe7+ Kg8 38. Qd8+ Kf7 39. Qd7+ Kf6 40. Qxb7 Qxa2 41. Qxc6+ Ke5 42. Qc3+ Kd5 43. Nf5 a5 44. Kf3 a4 45. Ne3+ Kd6 46. Kf4 Qa1 47. Nc4+ Kd5 48. Nb6+ Kd6 49. Qd4+ Ke6 50. Qd7+ Kf6 51. Nd5+ Kg6 1-0

[Event "Nezhmetdinov Memorial 38th"]
[Site "Kazan"]
[Date "2016.06.07"]
[Round "8"]
[White "Novikov, Roman"]
[Black "Karamov, Stepan"]
[Result "1-0"]
[WhiteElo "1981"]
[BlackElo "1785"]
[PlyCount "109"]
[EventDate "2016.05.31"]
[EventType "swiss"]
[EventRounds "9"]
[EventCountry "RUS"]
[SourceTitle "CBM 172 Extra"]
[Source "ChessBase"]
[SourceDate "2016.06.21"]
[SourceVersion "1"]
[SourceVersionDate "2016.06.21"]
[SourceQuality "1"]

1. e4 c5 2. Nf3 e6 3. c3 Nf6 4. e5 Nd5 5. d4 cxd4 6. cxd4 d6 7. Bc4 Nb6 8. Bd3 Nc6 9. 0-0 dxe5 10. dxe5 Nb4 11. Be4 Qxd1 12. Rxd1 N4d5 13. Nc3 Be7 14. Nxd5 Nxd5 15. Bxd5 exd5 16. Rxd5 Be6 17. Rd1 0-0 18. Be3 Rfd8 19. Nd4 Bd7 20. Rd2 Kf8 21. Rad1 Ke8 22. f4 Bc5 23. h3 Bxd4 24. Rxd4 Be6 25. b3 Rxd4 26. Rxd4 a6 27. g4 Rd8 28. Rb4 Rd1+ 29. Kf2 Bd5 30. Rb6 Bc6 31. a4 Rh1 32. Kg3 Re1 33. Bc5 Rc1 34. b4 Rc3+ 35. Kh4 Rb3 36. f5 Kd7 37. g5 g6 38. e6+ fxe6 39. f6 Ke8 40. b5 axb5 41. a5 Rc3 42. a6 Rc2 43. axb7 Bxb7 44. Rxb7 Rc4+ 45. Kg3 Rxc5 46. Kf4 Rf5+ 47. Kg4 e5 48. Rxh7 e4 49. Re7+ Kf8 50. Rxe4 Rc5 51. h4 Rc7 52. Rf4 Kf7 53. h5 gxh5+ 54. Kxh5 Rc5 55. Kh6 1-0

[Event "Nezhmetdinov Memorial 38th"]
[Site "Kazan"]
[Date "2016.06.01"]
[Round "2"]
[White "Novikov, Roman"]
[Black "Gubajdullin, Alexey"]
[Result "0-1"]
[WhiteElo "1981"]
[BlackElo "2346"]
[PlyCount "106"]
[EventDate "2016.05.31"]
[EventType "swiss"]
[EventRounds "9"]
[EventCountry "RUS"]
[SourceTitle "CBM 172 Extra"]
[Source "ChessBase"]
[SourceDate "2016.06.21"]
[SourceVersion "1"]
[SourceVersionDate "2016.06.21"]
[SourceQuality "1"]

1. e4 d6 2. d4 g6 3. Nc3 Bg7 4. f4 a6 5. Nf3 b5 6. Bd3 Bb7 7. 0-0 c5 8. dxc5 dxc5 9. e5 c4 10. Be4 Qb6+ 11. Qd4 Qxd4+ 12. Nxd4 Bxe4 13. Nxe4 Nh6 14. c3 Nf5 15. Nxf5 gxf5 16. Ng3 e6 17. a4 b4 18. cxb4 Nc6 19. Bd2 Nd4 20. Bc3 Nc2 21. Rac1 Ne3 22. Rf3 Nd5 23. Rd1 0-0-0 24. a5 Kb7 25. Rd4 Nxc3 26. Rxd8 Ne2+ 27. Nxe2 Rxd8 28. Rc3 Rd2 29. Kf2 Rxb2 30. Rxc4 Bf8 31. Rd4 Kc6 32. Rc4+ Kd5 33. Rd4+ Kc6 34. Rc4+ Kb5 35. Rc7 Bxb4 36. g4 Bxa5 37. Rxf7 Bb6+ 38. Kf1 fxg4 39. Rd7 Rb1+ 40. Kg2 Re1 41. Rd2 Kc4 42. Kg3 Be3 43. Ra2 Kd3 44. Rxa6 Kxe2 45. Kxg4 Rg1+ 46. Kh5 Rg6 47. Rd6 Bxf4 48. Rd7 Rh6+ 49. Kg4 Bxh2 50. Kg5 Rg6+ 51. Kh5 Bf4 52. Rxh7 Rg5+ 53. Kh4 Kf3 0-1

[Event "RUS-chT U14"]
[Site "Sochi"]
[Date "2016.05.08"]
[Round "7.4"]
[White "Novikov, Roman"]
[Black "Saratovskiy, Dmitiy"]
[Result "1/2-1/2"]
[WhiteElo "1711"]
[BlackElo "1938"]
[PlyCount "94"]
[EventDate "2016.05.01"]
[EventType "team-tourn"]
[EventRounds "9"]
[EventCountry "RUS"]
[SourceTitle "EXT 2018"]
[Source "ChessBase"]
[SourceDate "2017.10.13"]
[SourceVersion "1"]
[SourceVersionDate "2017.10.13"]
[SourceQuality "1"]

1. d4 f5 2. Nf3 Nf6 3. c4 g6 4. Nc3 Bg7 5. g3 0-0 6. Bg2 d6 7. Qc2 Qe8 8. 0-0 e5 9. dxe5 dxe5 10. Rd1 Na6 11. b3 e4 12. Nd4 b6 13. Ba3 Rf7 14. Rac1 Bb7 15. Na4 c6 16. b4 Nc7 17. Nb3 Rd8 18. Bb2 Rfd7 19. c5 b5 20. Nc3 Nfd5 21. Nxd5 Nxd5 22. a3 Nxb4 23. axb4 Rxd1+ 24. Rxd1 Rxd1+ 25. Qxd1 Bxb2 26. Na5 Qf7 27. Nxb7 Bc3 28. Qd8+ Qf8 29. Qd7 Qf6 30. Nd6 Bxb4 31. Qxc6 Qe5 32. Qxb5 Bxc5 33. Qe8+ Qxe8 34. Nxe8 a5 35. e3 Kf7 36. Nc7 Kf6 37. Bf1 g5 38. Nb5 Ke5 39. Bc4 f4 40. gxf4+ gxf4 41. exf4+ Kxf4 42. Kg2 a4 43. Nc3 a3 44. Ne2+ Ke5 45. f3 exf3+ 46. Kxf3 h6 47. Kg4 Ke4 1/2-1/2

[Event "RUS-chT U14"]
[Site "Sochi"]
[Date "2016.05.04"]
[Round "4.2"]
[White "Petrovskiy, Andrey"]
[Black "Novikov, Roman"]
[Result "1-0"]
[WhiteElo "1616"]
[BlackElo "1711"]
[PlyCount "59"]
[EventDate "2016.05.01"]
[EventType "team-tourn"]
[EventRounds "9"]
[EventCountry "RUS"]
[SourceTitle "EXT 2018"]
[Source "ChessBase"]
[SourceDate "2017.10.13"]
[SourceVersion "1"]
[SourceVersionDate "2017.10.13"]
[SourceQuality "1"]

1. e4 c5 2. Nc3 Nc6 3. Bb5 e6 4. Nf3 a6 5. Be2 Qc7 6. 0-0 Nf6 7. a3 b5 8. d3 Be7 9. b3 0-0 10. Bb2 d5 11. exd5 exd5 12. Nd2 Be6 13. Re1 Ne5 14. Bf1 Bd6 15. g3 Bg4 16. f3 Bh5 17. Bg2 Rac8 18. h3 Ned7 19. g4 Bg6 20. g5 Nh5 21. Nxd5 Bh2+ 22. Kh1 Qd6 23. Ne7+ Kh8 24. Nxc8 Rxc8 25. Ne4 Qc7 26. c4 Bf5 27. Ra2 Nf8 28. f4 Nxf4 29. Bxg7+ Kg8 30. Be5 1-0

[Event "Nezhmetdinov Memorial 37th"]
[Site "Kazan"]
[Date "2015.05.31"]
[Round "1"]
[White "Nikitenko, Mihail"]
[Black "Novikov, Roman"]
[Result "1-0"]
[WhiteElo "2377"]
[BlackElo "1906"]
[PlyCount "69"]
[EventDate "2015.05.31"]
[EventType "swiss"]
[EventRounds "9"]
[EventCountry "RUS"]
[SourceTitle "CBM 166 Extra"]
[Source "ChessBase"]
[SourceDate "2015.06.18"]
[SourceVersion "1"]
[SourceVersionDate "2015.06.18"]
[SourceQuality "1"]

1. e4 c6 2. Nf3 d5 3. Nc3 dxe4 4. Nxe4 Bf5 5. Ng3 Bg6 6. h4 h6 7. Ne5 Bh7 8. Qh5 g6 9. Qf3 Nf6 10. Qb3 Qd5 11. Qxb7 Qxe5+ 12. Be2 Qd6 13. Bf3 Bg7 14. Qxa8 0-0 15. Qxa7 Nbd7 16. Qe3 e6 17. d4 Nd5 18. Bxd5 Qxd5 19. Qe4 Qa5+ 20. c3 c5 21. 0-0 g5 22. Qf3 gxh4 23. Nh5 cxd4 24. Nxg7 Kxg7 25. Qg4+ Bg6 26. Qxd4+ Nf6 27. Qxh4 Qh5 28. Qxh5 Bxh5 29. a4 Ra8 30. b4 Nd5 31. Bb2 Nb6 32. c4+ Kh7 33. c5 Nxa4 34. Be5 Be2 35. Rfc1 1-0

[Event "RUS-chT U20"]
[Site "Kolomna"]
[Date "2014.08.06"]
[Round "5"]
[White "Novikov, Roman"]
[Black "Zelenov, Aleksey"]
[Result "0-1"]
[WhiteElo "1724"]
[BlackElo "1738"]
[PlyCount "68"]
[EventDate "2014.08.02"]
[EventType "swiss"]
[EventRounds "9"]
[EventCountry "RUS"]
[SourceTitle "EXT 2016"]
[Source "ChessBase"]
[SourceDate "2015.10.08"]
[SourceVersion "1"]
[SourceVersionDate "2015.10.08"]
[SourceQuality "1"]

1. e4 d6 2. d4 Nf6 3. Nc3 e5 4. dxe5 dxe5 5. Qxd8+ Kxd8 6. Bg5 Be6 7. 0-0-0+ Nbd7 8. f4 exf4 9. e5 h6 10. Bxf4 Ng4 11. Ne4 g5 12. h3 gxf4 13. hxg4 Bg7 14. Nf6 Bxf6 15. exf6 c6 16. g5 Kc7 17. gxh6 Nxf6 18. Rd4 Nd5 19. c4 Ne3 20. Rxf4 Rad8 21. Be2 Rdg8 22. g4 Nxg4 23. Bxg4 Rxg4 24. Rxg4 Bxg4 25. Rh4 f5 26. Kd2 Kd6 27. Ne2 Ke5 28. Ke3 Kf6 29. Nf4 Kg5 30. h7 Re8+ 31. Kf2 Kxh4 32. Ng6+ Kg5 33. h8Q Rxh8 34. Nxh8 Kf6 0-1